|
|
|
|
| LEADER |
00000nam0a2200000 4500 |
| 001 |
304221 |
| 005 |
20231102001659.0 |
| 020 |
|
|
|a RU
|b 83-40877
|
| 035 |
|
|
|a (RuTPU)RU\TPU\book\329456
|
| 090 |
|
|
|a 304221
|
| 100 |
|
|
|a 20150911d1983 k y0rusy5003 ca
|
| 101 |
0 |
|
|a rus
|
| 102 |
|
|
|a RU
|
| 105 |
|
|
|a a z 001zy
|
| 200 |
1 |
|
|a Криолитосфера Марса
|f Р. О. Кузьмин
|g Академия наук СССР (АН СССР), Институт геохимии и аналитической химии им. В. И. Вернадского (ГЕОХИ)
|
| 210 |
|
|
|a Москва
|c Наука
|d 1983
|
| 215 |
|
|
|a 141 с.
|c ил.
|
| 320 |
|
|
|a Библиогр.: с. 133-140
|
| 606 |
1 |
|
|a Марс, планета
|2 stltpush
|3 (RuTPU)RU\TPU\subj\70088
|9 84620
|
| 610 |
1 |
|
|a грунты
|
| 610 |
1 |
|
|a криолитосфера
|
| 610 |
1 |
|
|a криогенная оболочка
|
| 610 |
1 |
|
|a строение
|
| 610 |
1 |
|
|a водосодержание
|
| 675 |
|
|
|a 523.41/.43
|z rus
|v 3
|
| 700 |
|
1 |
|a Кузьмин
|b Р. О.
|g Руслан Олегович
|4 070
|
| 712 |
0 |
2 |
|a Академия наук СССР (АН СССР)
|b Институт геохимии и аналитической химии им. В. И. Вернадского (ГЕОХИ)
|c (Москва)
|2 stltpush
|3 (RuTPU)RU\TPU\col\11383
|
| 801 |
|
0 |
|a RU
|b RuMRKP
|c 19950704
|g psbo
|
| 801 |
|
1 |
|a RU
|b 63413507
|c 20150911
|
| 801 |
|
2 |
|a RU
|b 63413507
|c 20171004
|g RCR
|
| 942 |
|
|
|c BK
|